000 00499nam a22001697a 4500
999 _c8984
_d8984
008 210309b ||||| |||| 00| 0 eng d
040 _aBMS College of Architecture
100 _aK, S, Arjun
245 _aBlue Renaissance
300 _a59p.
500 _a1BM09AT009
502 _8B.Arch
_NBMA College of Architecture, Visvesvaraya Technological University (VTU)
_aProject report
_d2013
650 _aNA
700 _aAjaichandran C K
_eGudie
700 _aBhagyalaxmi M
_eGuide
942 _2ddc
_cTHE